000 00261nam a22001097a 4500
008 230607b xxu||||| |||| 00| 0 eng d
082 _a923.2
_bMWE
245 _aPatrice Lumumba
260 _bTransafrica Book Distributors
_c1977
300 _a124 p
942 _2ddc
_cBK
999 _c789
_d789